000 00807nam a2200217 4500
001 85150
003 BD-RjUL
005 20250709104515.0
008 250709s1965 pk ||||| |||| 00| 0 u d
035 _a(BD-RjUL)85150
040 _aBD-RjUL
_beng
_cBD-RjUL
041 _aurd
082 _223
_a297.09
_bHAS 1965
100 _a حفىظ جالندھرى, ابوالاثر.., Ḥafīz̤ Jālandharī, Abūlas̲ar
_915939
245 1 0 _aشاہنامۂ اسلام / Shāhnāmah-yi Islām /
_cابوالاثر حفىظ جالندھرى ;; Abūlas̲ar Ḥafīz̤ Jālandharī.
260 _aLahore :
_b,نقوش پریس
_c1965
300 _a224 p. ;
_c20 cm
650 _aIslam Religious poetry
_vUrdu History and criticism
_915940
650 _aCriticism, interpretation, etc Islam
_915941
942 _2ddc
_cBK
999 _c85150
_d85150